HRD Audit: Evaluating the Human Resource Function for business Improvement (Record no. 10515)

000 -LEADER
fixed length control field 00286nam a2200097Ia 4500
008 - FIXED-LENGTH DATA ELEMENTS--GENERAL INFORMATION
fixed length control field 210107s9999 xx 000 0 und d
100 ## - MAIN ENTRY--PERSONAL NAME
Personal name Rao,T. V.
245 #0 - TITLE STATEMENT
Title HRD Audit: Evaluating the Human Resource Function for business Improvement
260 ## - PUBLICATION, DISTRIBUTION, ETC.
Place of publication, distribution, etc. New Delhi
Name of publisher, distributor, etc. Response books
942 ## - ADDED ENTRY ELEMENTS (KOHA)
Koha item type Books
Holdings
Withdrawn status Lost status Damaged status Not for loan Permanent Location Date acquired Full call number Barcode Date last seen Price effective from Koha item type
        IMU Kolkata 2021-01-07 658.31250954 R2151 PM06160 2021-01-07 2021-01-07 Books
Designed and Maintained by IMU-KC Library, Kolkata Campus © Copyright All Rights Reserved

webs counters

Powered by Koha